01016cam a22002651 4500001001300000003000400013005001700017008004100034010001700075035002000092040002300112042001200135043001200147050001600159110004700175245025000222260008200472300003900554500001400593650003500607700003700642700002700679700002700706999001700733sa 67000023 DLC20260227112311.0890724q19601967ii ac 000 0 hino  asa 67000023  a(OCoLC)20062842 aDLCcWaUdNRUdDLC apremarc aa-ii---00aPK1931b.U82 aUtkal Prantiya Rashtrabhasa Prachar Sabha.10aRāshṭrabhāshā rajata-jayantī grantha.c[Saṃpādakamanḍalah Harekṛshṇa Mahatāba, Ārttavallabha Mahānti tatha Anasūyā Prasāda Pāṭhaka. Parāmarśadātā-manḍalah Bhāgīrathī Mahāpātra tathā anya] aKaṭaka, Utkala Prāntīya Rāshṭrabhāshā Pracāra Sabhāc[196-] a24, 589 p.billus., ports.c26 cm. aIn Hindi. 0aHindi languagezIndiazOrissa.1 aMahtab, Harekrushna,d1900-1987.1 aMahanty, Artavallabha.1 aPathak, Ansuya Prasad. c71697d71697